Statistiques concernant Drapeaux aléatoires des Pays, États non-reconnus et Territoires monde

Cliquez ici pour prendre le quiz!

Statistiques générales

  • Ce quiz a été pris 4 640 fois
  • Le résultat moyen est 15 sur 20

Statistiques - réponses

Réponse% Correct
Bulgarie
100%
Portugal
100%
Uruguay
100%
Barbade
98%
Danemark
98%
Espagne
98%
Finlande
98%
Israël
98%
Liechtenstein
98%
Angola
97%
Slovaquie
97%
Somalie
97%
Sri Lanka
97%
Ukraine
97%
Argentine
96%
Belgique
96%
Chypre
96%
Égypte
96%
Japon
96%
Mexique
96%
Norvège
96%
Qatar
96%
Suisse
96%
Allemagne
95%
Australie
95%
France
95%
Grèce
95%
Irlande
95%
Monaco
95%
Pologne
95%
Viêt Nam
95%
Arabie Saoudite
94%
Autriche
94%
Brésil
94%
Canada
94%
Chine
94%
Corée du Sud
94%
Etats-Unis
94%
Madagascar
94%
Afrique du Sud
93%
Albanie
93%
Algérie
93%
Colombie
93%
Géorgie
93%
Jamaïque
93%
Malaisie
93%
Népal
93%
Nouvelle-Zélande
93%
Pakistan
93%
Panama
93%
Royaume-Uni
93%
Tunisie
93%
Azerbaïdjan
92%
Bahreïn
92%
Islande
92%
Italie
92%
Macédoine du Nord
92%
Nigeria
92%
Turquie
92%
Bosnie-Herzégovine
91%
Chili
91%
Côte d'Ivoire
91%
Croatie
91%
Inde
91%
Laos
91%
Luxembourg
91%
Moldavie
91%
Paraguay
91%
République tchèque
91%
Suède
91%
Taïwan
91%
Burkina Faso
90%
Corée du Nord
90%
Roumanie
90%
Serbie
90%
Thaïlande
90%
Andorre
89%
Biélorussie
89%
Équateur
89%
Malte
89%
Mauritanie
89%
Ouzbékistan
89%
Russie
89%
Sénégal
89%
Tanzanie
89%
Bahamas
88%
Érythrée
88%
Estonie
88%
Guatemala
88%
Irak
88%
Kenya
88%
Mali
88%
Maroc
88%
Monténégro
88%
Ouganda
88%
Palaos
88%
Pérou
88%
République démocratique du Congo
88%
Bangladesh
87%
Bhoutan
87%
Brunei
87%
Gambie
87%
Indonésie
87%
Iran
87%
Kosovo
87%
République dominicaine
87%
Singapour
87%
Slovénie
87%
Ghana
86%
Liban
86%
Pays-Bas
86%
République du Congo
86%
Cameroun
85%
Cuba
85%
Gabon
85%
Honduras
85%
Kazakhstan
85%
Mongolie
85%
Nicaragua
85%
Rwanda
85%
Saint-Marin
85%
Sierra Leone
85%
Syrie
85%
Tchad
85%
Bénin
84%
Fidji
84%
Mayotte
84%
Niger
84%
Suriname
84%
Cap-Vert
83%
Guinée équatoriale
83%
Hongrie
83%
Turkménistan
83%
Belize
82%
Botswana
82%
Cambodge
82%
Costa Rica
82%
Eswatini
82%
Éthiopie
82%
Kirghizistan
82%
Lesotho
82%
Maldives
82%
Vatican
82%
Zambie
82%
Tonga
81%
Trinité-et-Tobago
81%
Émirats arabes unis
80%
Kiribati
80%
Liberia
80%
Philippines
80%
Venezuela
80%
Arménie
79%
Haïti
79%
Lettonie
79%
Zimbabwe
79%
Hong Kong
78%
Koweït
78%
Lituanie
78%
Malawi
78%
Sainte-Lucie
78%
Seychelles
78%
Soudan du Sud
78%
Togo
78%
Dominique
77%
Palestine
77%
République Centrafricaine
77%
Tadjikistan
77%
Yémen
77%
Micronésie
76%
Saint-Vincent-et-les- Grenadines
76%
Vanuatu
76%
Antigua-et-Barbuda
75%
Birmanie
75%
Burundi
75%
Île Maurice
75%
Jordanie
75%
Saint-Christophe- et-Niévès
75%
Timor oriental
75%
Gibraltar
74%
Papouasie-Nouvelle- Guinée
74%
Djibouti
73%
Libye
73%
Mozambique
73%
Tuvalu
73%
Bolivie
72%
Comores
72%
Grenade
72%
Guadeloupe
71%
Guinée
71%
Namibie
71%
Nauru
70%
Guinée-Bissau
68%
Salvador
68%
Guyana
67%
Salomon
67%
Samoa
67%
Îles Féroé
66%
Sao Tomé-et-Principe
65%
Afghanistan
64%
Soudan
64%
Oman
63%
Groenland
61%
Jersey
60%
Îles Marshall
59%
Île de Man
55%
Îles Cocos (Keeling)
53%
Chypre du Nord
52%
Nouvelle-Calédonie
52%
Îles Cook
51%
Niue
51%
Abkhazie
50%
Sint Maarten
49%
Guam
48%
Macao
47%
Montserrat
47%
Polynésie Française
47%
Îles Vierges des États-Unis
46%
Wallis-et-Futuna
46%
Île Norfolk
44%
Guyane
43%
Porto Rico
41%
Saint-Pierre-et-Miquelon
41%
Samoa américaines
41%
Îles Pitcairn
40%
Ossétie du Sud
40%
Île Christmas
37%
Guernesey
36%
Haut-Karabagh
36%
République arabe sahraouie démocratique
36%
Saint-Eustache
35%
Bermudes
34%
Somaliland
34%
Tokelau
34%
Aruba
33%
Curaçao
33%
Saba
33%
Transnistrie
33%
Bonaire
32%
Îles Vierges britanniques
32%
Îles Caïmans
31%
Sainte-Hélène
30%
Îles Mariannes du Nord
28%
Îles Malouines
26%
La Réunion
26%
Îles Turques-et-Caïques
24%
Martinique
22%
Saint-Martin
22%
Tristan Da Cunha
20%
Anguilla
19%
Saint-Barthélemy
17%
Ascension
16%

Distribution des résultats

Percentile par nombre de réponses

% des personnes avec chaque résultat

Votre développement - résultats

Vous n’avez pas pris ce quiz